Жилищное законодательство: справочное пособие

Dettagli Bibliografici
Autore principale: Литовкин В. Н. Валерий Николаевич
Riassunto:Исключено из фонда НТБ ТПУ
Lingua:russo
Pubblicazione: Москва, Профиздат, 1988
Natura: MixedMaterials Libro
KOHA link:https://koha.lib.tpu.ru/cgi-bin/koha/opac-detail.pl?biblionumber=261989

MARC

LEADER 00000nam0a2200000 4500
001 261989
005 20231031221851.0
010 |a 5255000590 
035 |a (RuTPU)RU\TPU\book\284971 
090 |a 261989 
100 |a 20140528d1988 k y0rusy50 ca 
101 0 |a rus 
102 |a RU 
105 |a y g 000zy 
200 1 |a Жилищное законодательство  |e справочное пособие  |f В. Н. Литовкин 
210 |a Москва  |c Профиздат  |d 1988 
215 |a 256 с. 
333 |a Исключено из фонда НТБ ТПУ 
700 1 |a Литовкин  |b В. Н.  |g Валерий Николаевич 
801 1 |a RU  |b 63413507  |c 20140528 
801 2 |a RU  |b 63413507  |c 20220314  |g RCR 
942 |c BK